000 00405nam a2200169Ia 4500
008 230524s9999 xx 000 0 und d
082 _a530
_bRES
100 _aRobert Resnick
245 0 _aPhysics Vol-I
250 _a5TH
260 _aNEWYORK
_bJohnwiley
_c2005
300 _a566+1.8
500 _aQuantity Number: 2
650 _aPhysics
700 _a"David Halliday, K.S.Krane,,,"
942 _cBK
999 _c20203
_d20203